000 00537nam a2200169Ia 4500
008 090711s9999 xx 000 0 und d
082 _b50260
100 _aहवलदार गणेश रा.
245 _aभारतामgत
260 _bगणेश रामकृष्ण हवलदार
_c1937
300 _a122
600 _aहवलदार गणेश रा.
630 _aभारतामgत
700 _aहवलदार गणेश रा.
730 _aभारतामgत
942 _cBOOK
999 _c329431
_d329431